[Event "FTX Crypto Cup KO 2021"]
[Site "chess24.com INT"]
[Date "2021.05.27"]
[Round "1.22"]
[White "Nepomniachtchi, Ian"]
[Black "Caruana, Fabiano"]
[Result "1/2-1/2"]
[WhiteTitle "GM"]
[BlackTitle "GM"]
[WhiteElo "2792"]
[BlackElo "2820"]
[WhiteFideId "4168119"]
[BlackFideId "2020009"]
[EventDate "2021.05.26"]

1. e4 e5 2. Nf3 Nc6 3. Bc4 Nf6 4. d3 h6 5. Nc3 Bc5 6. h3 d6 7. Na4 Bb6 8. a3 O-O
9. O-O Re8 10. b4 Ne7 11. c3 Ng6 12. Bb3 Be6 13. Bc2 Qd7 14. Kh2 Rad8 15. Nxb6
axb6 16. d4 Bc4 17. Re1 b5 18. a4 bxa4 19. Bxa4 c6 20. Bc2 Qc7 21. Kg1 d5 22.
exd5 e4 23. d6 Qxd6 24. Nd2 Bd3 25. Bxd3 exd3 26. Rxe8+ Rxe8 27. Nf3 Nd5 28.
Qxd3 b5 29. g3 Qe6 30. Kg2 Nf6 31. Bd2 Qd5 32. Re1 Ne4 33. Kg1 Re6 34. Re3 f5
35. Re1 Kh7 36. h4 Nf6 37. Rxe6 Qxe6 38. Ne1 Ne7 39. Ng2 Ned5 40. f3 Kg8 41. Kf2
Nh5 42. Bf4 Nhxf4 43. Nxf4 Nxf4 44. gxf4 Kf7 45. Qe3 Qa2+ 46. Qe2 Qb3 47. Qe5
Qc2+ 48. Kg3 Qb1 49. Qe3 Qd1 50. Qf2 Qb3 51. Qd2 Qb1 52. Kg2 Qb3 53. Qd3 Qd5 54.
Kg3 Qe6 55. Qd2 Kg6 56. Kh3 Kh5 57. Qf2 Qc4 58. Qe3 Qf1+ 59. Kg3 g6 60. Kh2 Kxh4
61. Qe7+ Kh5 62. Qe3 Kh4 63. Qe7+ Kh5 64. Qe3 Kh4 1/2-1/2

[Event "FTX Crypto Cup KO 2021"]
[Site "chess24.com INT"]
[Date "2021.05.27"]
[Round "1.22"]
[White "Vachier-Lagrave, Maxime"]
[Black "So, Wesley"]
[Result "0-1"]
[WhiteTitle "GM"]
[BlackTitle "GM"]
[WhiteElo "2760"]
[BlackElo "2770"]
[WhiteFideId "623539"]
[BlackFideId "5202213"]
[EventDate "2021.05.26"]

1. d4 Nf6 2. Nf3 d5 3. Bf4 c5 4. e3 Nc6 5. Nc3 Bg4 6. Be2 e6 7. Ne5 Bxe2 8. Nxe2
Rc8 9. c3 Bd6 10. Nd3 c4 11. Ndc1 Bxf4 12. Nxf4 b5 13. b4 a5 14. a4 Qb6 15. axb5
Qxb5 16. bxa5 O-O 17. O-O Ra8 18. Nce2 Rxa5 19. Rb1 Qa6 20. Ng3 Ra3 21. Nfh5
Nxh5 22. Nxh5 Ne7 23. Qc2 Qa4 24. Qc1 Qa5 25. Rb4 Nc6 26. e4 Nxb4 27. Qg5 g6 28.
Nf6+ Kg7 29. Qe5 Ra8 30. Nxd5+ Kg8 31. cxb4 Qd8 32. Nf6+ Kg7 33. Ne8+ Kf8 34.
Nc7 Rc8 35. Nb5 Ra6 36. d5 Kg8 37. Nc3 Qd6 38. Qd4 e5 39. Qd2 Qxb4 40. Rb1 Qc5
41. h4 Qd4 42. Qe1 h5 43. Kh2 Qc5 44. Qd2 Qd4 45. Qe1 Rca8 46. Nb5 Qc5 47. Nc3
Rb6 48. Rc1 Qe7 49. g3 Qc5 50. Nd1 Rc8 51. Nc3 Rb3 52. Rc2 Rcb8 53. Qd2 Qd4 54.
Qe1 Rb2 55. Qc1 Rxc2 56. Qxc2 Rb3 0-1

[Event "FTX Crypto Cup KO 2021"]
[Site "chess24.com INT"]
[Date "2021.05.27"]
[Round "1.23"]
[White "Caruana, Fabiano"]
[Black "Nepomniachtchi, Ian"]
[Result "1/2-1/2"]
[WhiteTitle "GM"]
[BlackTitle "GM"]
[WhiteElo "2820"]
[BlackElo "2792"]
[WhiteFideId "2020009"]
[BlackFideId "4168119"]
[EventDate "2021.05.26"]

1. d4 Nf6 2. Nf3 g6 3. e3 Bg7 4. Be2 O-O 5. O-O d5 6. b4 a5 7. b5 c5 8. bxc6
Nxc6 9. a4 Ne4 10. Bb2 Bf5 11. Na3 Rc8 12. Nb5 Re8 13. Rc1 Nd6 14. c3 Nc4 15.
Bxc4 dxc4 16. Re1 Bd3 17. e4 Qb6 18. Qd2 Na7 19. Nxa7 Qxa7 20. Ba3 Qb6 21. Ne5
Bxe5 22. dxe5 Qc6 23. Qg5 Rc7 24. e6 Qxe6 25. Qxa5 Qc6 26. f3 Rcc8 27. Qg5 e5
28. a5 b6 29. axb6 Qxb6+ 30. Kh1 Kg7 31. Ra1 f6 32. Qh4 Ra8 33. h3 h5 34. Bb4
Ra7 35. Rxa7+ Qxa7 36. f4 Qb6 37. f5 Rh8 38. fxg6 Rh6 39. Qg3 Rxg6 40. Qf3 Qa7
41. Qf5 Qf7 42. Bc5 Rg5 43. Qf3 Qb7 44. Bb4 Kg6 45. Kh2 Kg7 46. Re3 Qf7 47. Re1
Qg6 48. Bc5 Qe8 49. Be3 Rg6 50. Ra1 Kg8 51. Qf5 Rg7 52. Bh6 Rb7 53. Qxf6 Kh7 54.
Be3 Qg6 55. Qxe5 Bxe4 56. Rg1 Qf5 57. Qd6 Qg6 58. Qf4 Rb2 59. Bf2 Qf5 60. Qc7+
Kg6 61. Bd4 Qf7 62. Qg3+ Kh7 63. Qe5 Re2 64. Qg3 Bd5 65. Qb8 Be4 66. Qe5 Kg6 67.
Qg3+ Kh7 68. Rf1 Qd7 69. Rf2 Rxf2 70. Qxf2 Qd6+ 71. Kg1 Qg6 72. Qa2 Qc6 73. Qf2
Qg6 74. Be5 Bb7 75. Kh2 Bd5 76. Qa7+ Qf7 77. Qd4 Qg8 78. Bg3 Qe6 79. Qd2 Qe4 80.
Qf2 Kg6 81. Bf4 Kf7 82. Be3+ Ke6 83. Bd4 Kd7 84. Qg3 Kc6 85. Qf2 Kd7 86. Qg3 Kc6
87. Qf2 Kd7 1/2-1/2

[Event "FTX Crypto Cup KO 2021"]
[Site "chess24.com INT"]
[Date "2021.05.27"]
[Round "1.24"]
[White "Nepomniachtchi, Ian"]
[Black "Caruana, Fabiano"]
[Result "1/2-1/2"]
[WhiteTitle "GM"]
[BlackTitle "GM"]
[WhiteElo "2792"]
[BlackElo "2820"]
[WhiteFideId "4168119"]
[BlackFideId "2020009"]
[EventDate "2021.05.26"]

1. e4 e5 2. Nf3 Nc6 3. Nc3 Nf6 4. d4 exd4 5. Nxd4 Bb4 6. Nxc6 bxc6 7. Bd3 d5 8.
exd5 O-O 9. O-O Bg4 10. f3 Bh5 11. Bg5 Qd6 12. Qe1 Nxd5 13. Ne4 Bxe1 14. Nxd6
Bb4 15. Nc4 Rfe8 16. Rad1 f6 17. Bd2 a5 18. a3 Bxd2 19. Rxd2 Bg6 20. Kf2 Nf4 21.
Bxg6 hxg6 22. a4 g5 23. Re1 Rxe1 24. Kxe1 Nd5 25. b3 Kf7 26. Kf2 Ke6 27. Rd4 Nb6
28. Ne3 Nd5 29. Re4+ Kd7 30. Nc4 Nb6 31. Nd2 Rh8 32. h3 c5 33. f4 gxf4 34. Rxf4
Rh5 35. Rg4 Rf5+ 36. Ke2 g5 37. g3 Nd5 38. Nc4 Nb4 39. Ne3 Re5 40. Kd2 Nc6 41.
h4 Nd4 42. Kd3 Nf3 43. hxg5 fxg5 44. Nc4 Re1 45. Re4 Rg1 46. g4 Nh2 47. Ne3 Nf3
48. Nc4 Nh2 49. Ne5+ Kd6 50. Kc4 Rg2 51. c3 Rg3 52. Nf7+ Kc6 53. Ne5+ Kd6 54.
Nf7+ Kc6 55. Ne5+ Kd6 1/2-1/2

[Event "FTX Crypto Cup KO 2021"]
[Site "chess24.com INT"]
[Date "2021.05.27"]
[Round "1.24"]
[White "Giri, Anish"]
[Black "Radjabov, Teimour"]
[Result "1/2-1/2"]
[WhiteTitle "GM"]
[BlackTitle "GM"]
[WhiteElo "2780"]
[BlackElo "2765"]
[WhiteFideId "24116068"]
[BlackFideId "13400924"]
[EventDate "2021.05.26"]

1. e4 e5 2. Nf3 Nc6 3. Bb5 Nf6 4. d3 Bc5 5. Bxc6 dxc6 6. O-O Bd6 7. Bg5 h6 8.
Bh4 Be6 9. d4 Be7 10. Bxf6 gxf6 11. dxe5 Qxd1 12. Rxd1 fxe5 13. Nxe5 Bf6 14. Nd3
O-O-O 15. Nc3 Bc4 16. g3 Rhe8 17. f3 a5 18. Kg2 b6 19. a3 Bd4 20. Nf4 Rd7 21.
Nfd5 c5 22. Rab1 f5 23. b3 Ba6 24. exf5 Bb7 25. Rd3 Bxd5 26. Nxd5 Rxd5 27. c3
Re2+ 28. Kh3 Rxf5 29. cxd4 cxd4 30. Rxd4 Rxf3 31. Rh4 Rf6 32. b4 axb4 33. axb4
Kb7 34. b5 c6 35. bxc6+ Rxc6 36. Rhb4 Rd6 37. Rf1 Rdd2 38. Rh1 Rb2 39. Rh4 Re6
40. Rh5 b5 41. Kh4 Kb6 42. h3 Rb4+ 43. g4 Rb3 44. Rd1 Rc6 45. Ra1 Rbc3 46. Rf5
b4 47. Ra8 Kb7 48. Rff8 b3 49. Rab8+ Ka7 50. Rb4 Rb6 51. Ra4+ Kb7 52. Raa8 Rcc6
53. Rfb8+ Kc7 54. Rxb6 Rxb6 55. Ra1 b2 56. Rb1 Rb5 57. Kg3 Kd6 58. h4 1/2-1/2

[Event "FTX Crypto Cup KO 2021"]
[Site "chess24.com INT"]
[Date "2021.05.27"]
[Round "1.31"]
[White "Nepomniachtchi, Ian"]
[Black "Caruana, Fabiano"]
[Result "1-0"]
[WhiteTitle "GM"]
[BlackTitle "GM"]
[WhiteElo "2792"]
[BlackElo "2820"]
[WhiteFideId "4168119"]
[BlackFideId "2020009"]
[EventDate "2021.05.26"]

1. c4 e5 2. g3 Nf6 3. Bg2 c6 4. Nf3 e4 5. Nd4 d5 6. cxd5 Qxd5 7. Nc2 Bc5 8. Nc3
Qe5 9. O-O O-O 10. Nxe4 Nxe4 11. d4 Qe7 12. dxc5 Nxc5 13. Ne3 Be6 14. b3 a5 15.
Qc2 Nba6 16. Bb2 f6 17. Qc3 Nb4 18. Rfc1 b6 19. Nc4 Nd7 20. Qe3 Rab8 21. a3 Nd5
22. Qd2 Nc5 23. Qc2 Bf7 24. e4 Nc7 25. Bd4 Nxb3 26. Qxb3 b5 27. Qe3 Bxc4 28. Bc5
Qe5 29. Bxf8 Rxf8 30. a4 Ra8 31. axb5 Bxb5 32. f4 Qe7 33. e5 fxe5 34. Bxc6 Bxc6
35. Rxc6 Qd7 36. Rac1 exf4 37. Qb3+ Qd5 38. Qb6 Ne8 39. gxf4 Nf6 40. Qc5 Qxc5+
41. R1xc5 a4 42. Rc8+ Rxc8 43. Rxc8+ Kf7 44. Kg2 Nd5 45. Kf3 Ne7 46. Ra8 Kf6 47.
Ra6+ Kf5 48. Rxa4 Kf6 49. Ke4 g6 50. Ra6+ Kg7 51. Ra7 Kf6 52. h3 Ke6 53. Ra6+
Kf7 54. Ke5 Kf8 55. Ra8+ Kf7 56. Ra7 Kf8 57. Ke6 1-0

[Event "FTX Crypto Cup KO 2021"]
[Site "chess24.com INT"]
[Date "2021.05.27"]
[Round "1.32"]
[White "Caruana, Fabiano"]
[Black "Nepomniachtchi, Ian"]
[Result "1/2-1/2"]
[WhiteTitle "GM"]
[BlackTitle "GM"]
[WhiteElo "2820"]
[BlackElo "2792"]
[WhiteFideId "2020009"]
[BlackFideId "4168119"]
[EventDate "2021.05.26"]

1. e4 e6 2. d4 d5 3. e5 c5 4. c3 Nc6 5. Nf3 Bd7 6. Be2 Nge7 7. O-O Ng6 8. Bd3
Qb6 9. dxc5 Bxc5 10. b4 Be7 11. Re1 Qc7 12. Qe2 O-O 13. Na3 a6 14. Nc2 f6 15.
Bxg6 hxg6 16. Bf4 fxe5 17. Bxe5 Nxe5 18. Nxe5 Bf6 19. Rad1 Bxe5 20. Qxe5 Qxe5
21. Rxe5 Ba4 22. Rd2 Bxc2 23. Rxc2 Kf7 24. Rce2 Rac8 25. Rxe6 Rxc3 26. h4 Rc7
27. Rd6 Kg8 28. g3 Rf5 29. Rxg6 Rd7 30. Kg2 d4 31. Rd2 a5 32. Rg4 d3 33. bxa5
Rxa5 34. Kf3 Rad5 35. Ke3 R5d6 36. Re4 Kh7 37. h5 Kh6 38. Re5 Rd8 39. g4 R6d7
40. f4 Rd6 41. Kf3 R8d7 42. Kg3 Rd8 43. Kh4 Rd4 44. Re6+ Kh7 45. Kg3 Rc8 46. Re3
Rcc4 47. Rf3 Rc3 48. g5 b5 49. Kg4 b4 50. Kg3 b3 51. axb3 Rxb3 52. Kf2 Ra3 53.
Kg3 Rb3 54. Kh4 Rbb4 55. Kg4 Rb3 56. Kg3 Ra3 57. Kf2 Raa4 58. f5 Rg4 59. f6 gxf6
60. gxf6 Rgf4 61. Rxd3 Rxf3+ 62. Kxf3 Ra6 63. Rd7+ Kh6 64. f7 Rf6+ 65. Ke4 Kg7
66. h6+ Rxh6 67. Ke5 Ra6 68. Rd6 Rxd6 69. Kxd6 Kxf7 1/2-1/2